000 01023cam a2200277 a 4500
090 _c10627
001 14678894
005 20070713142825.0
008 061222s2007 inua b 001 0 eng
010 _a 2006102875
020 _a0321436954 (pbk. : alk. paper)
040 _aDLC
_cDLC
_dDLC
050 0 0 _aQA76.9.A25
_bK325 2007
082 0 0 _a005.8
_222
100 1 _aKadrich, Mark.
245 1 0 _aEndpoint security /
_cMark Kadrich.
250 _a1st ed.
260 _aIndianapolis :
_bAddison Wesley Professional,
_cc2007.
300 _axxvii, 348 p. :
_bill. ;
_c24 cm.
504 _aIncludes bibliographical references and index.
650 0 _aComputer security.
650 0 _aComputer networks
_xSecurity measures.
942 _2ddc
_cBB
999 _c10627
_d10627